[Event "Abu Dhabi op 14th"]
[Site "Abu Dhabi"]
[Date "2004.08.22"]
[Round "8"]
[White "Hakki, Imad"]
[Black "Harikrishna, Pentala"]
[Result "0-1"]
[WhiteElo "2451"]
[BlackElo "2609"]
[Annotator "Postny,E"]
[PlyCount "62"]
[EventDate "2004.08.14"]
[EventType "swiss"]
[EventRounds "9"]
[EventCountry "UAE"]
[SourceTitle "CBM 103"]
[Source "ChessBase"]
[SourceDate "2004.11.11"]
[SourceVersion "1"]
[SourceVersionDate "2004.11.11"]
[SourceQuality "1"]

1. e4 e5 2. Nf3 Nc6 3. d4 exd4 4. Nxd4 Bc5 5. Be3 Qf6 6. c3 Nge7 ({Another
legitimic continuation is} 6... Qg6) 7. Bc4 ({The alternative} 7. g3 {gained
some popularity recently.}) 7... Ne5 8. Be2 Qg6 {[%csl Re4,Rg2]} (8... d5 {
--> 1-0 Azmaiparashvili,Z-Sokolov,I/Dos Hermanas 2001/CBM 83 [Postny,E] (35)})
(8... h5 {--> 0-1 Nedev,T-Yurtaev,L/Istanbul 2000/EXT 2001 [Postny,E] (53)}) 9.
O-O d6 ({To capture the pawn is very dangerous for black:} 9... Qxe4 $6 10. b4
Bd6 11. Nd2 Qg6 12. f4 Qh6 13. Ne4 O-O 14. Nxd6 cxd6 15. Qd2 N5c6 16. f5 Qf6
17. Bg5 Qe5 18. f6 $40 {1-0 Thorhallsson,T-Yurtaev,L/Hartberg 1991/EXT 97 (29)}
) 10. f3 (10. Bh5 Qxe4 11. Nd2 {--> 0-1 Handoko,E-Aleksandrov,A/Istanbul 2000/
EXT 2001 [Postny,E] (32)}) (10. f4 Qxe4 11. Bf2 Bxd4 12. cxd4 N5g6 13. g3 Bh3
14. Bf3 Qf5 15. Re1 d5 16. Qb3 O-O 17. Nc3 c6 18. Qxb7 Rfb8 19. Qc7 Qf6 {
1/2-1/2 Morozevich,A-Kramnik,V/Dortmund 2001/CBM 85 (19)}) 10... O-O 11. c4 {
Very rare move. White is trying to get more space in the centre and set free
the c3 square for the knight. On the other hand this move weakens dark squares
in white's camp. Usually white plays 11.Kh1 and 12.Nd2 not necessarily in this
order...} (11. Kh1 d5 12. Nd2 dxe4 13. fxe4 Ng4 {--> 1-0 Nedev,T-Upton,T/Leon
2001/CBM 86 [Postny,E] (31)}) (11. Nd2 Bb6 (11... d5 12. Kh1 dxe4 13. fxe4 Bg4
14. Bf4 Bxe2 15. Qxe2 Bd6 16. Nb5 N7c6 17. Nxd6 cxd6 $11 {1/2-1/2 Movsesian,
S-Acs,P/Budapest 2003/CBM 95 (78)}) 12. Kh1 (12. Nc4 Nxc4 13. Bxc4 Be6 14. Bd3
f5 15. Qc2 f4 16. e5 Nf5 17. Bxf4 Nxd4 18. cxd4 Qh5 19. Be3 dxe5 20. Bc4 Qf7
21. Bxe6 Qxe6 22. Qc3 e4 23. d5 Qf6 24. Rae1 Qxc3 25. bxc3 exf3 26. Rxf3 Rxf3
27. gxf3 Kf7 $15 {1/2-1/2 Pavasovic,D-Beliavsky,A/Istanbul 2003/CBM 96 (49)})
12... f5 13. f4 N5c6 14. Nxc6 bxc6 15. Bh5 Qh6 16. Bxb6 axb6 $11 {1-0
Rublevsky,S-Stefanova,A/Mainz 2004/CBM 101 ext (37)}) 11... Be6 12. b3 Qf6 $146
(12... N5c6 13. Qd2 Nxd4 14. Bxd4 Bxd4+ 15. Qxd4 f5 16. Nc3 Nc6 17. exf5 Bxf5
18. Qd2 Rae8 $11 {1-0 Golod,V-Navrotescu,C/Romania 1994/EXT 97 (25)}) 13. Qd2
N5c6 14. Nc2 Nb4 15. Nba3 Qb2 {Actually, black achieves nothing with this
invasion.} ({Comes to consideration} 15... a5 {[%cal Ga5a4]}) 16. Bxc5 dxc5 17.
Rfb1 Qe5 $2 (17... Rad8 18. Qxd8 Qxb1+ 19. Rxb1 Rxd8 20. Nxb4 cxb4 21. Nc2 Rd2
22. Rd1 $11) 18. Nxb4 cxb4 19. Nc2 $2 {It seems that white could simply grab
the Pb4.} (19. Qxb4 Nc6 20. Qb5 $8 {Probably this move was overlooked by both
players.} (20. Qxb7 $4 Qc5+ 21. Kh1 Rab8 22. Qxc7 (22. Qa6 Bc8 23. Qa4 Rb4 {
trapping the queen.}) 22... Rfc8 {[%csl Ra3,Rc7] winning the Na3.}) 20... Qd4+
21. Kh1 $14) 19... Nc6 20. f4 Qc5+ (20... Qxe4 $2 21. Bd3 {[%csl Re4]}) 21. Qe3
Qxe3+ 22. Nxe3 Nd4 23. Kf2 a5 {The endgame is slightly better for black, due
to the control over the dark squares.} 24. a3 f6 25. axb4 $2 {This exchange
clearly plays in black's hands. White must close the queenside, since he can
not fight for the "a" file due to b3 weakness.} ({Necessary was} 25. a4 {
keeping slightly worse, but defendable position.}) 25... axb4 26. Rxa8 Rxa8 27.
Rb2 Ra3 28. Bd1 b5 $6 ({More accurate would have been} 28... Kf8) 29. cxb5 $2 {
After this move white's position is beyond saving.} ({White missed a good
chance:} 29. f5 $1 Bf7 (29... Bd7 30. c5 $1 Bc6 31. Rd2 Nxb3 32. Rd8+ Kf7 33.
Rc8 Bxe4 34. Rxc7+ $11) 30. Rd2 c5 31. cxb5 Ra8 32. Nd5 {and white is only
slightly worse.}) 29... Nxb5 30. Be2 Nc3 31. Nc2 c5 {White is losing the Pb3,
therefore he resigned.} 0-1

[Event "WchT 5th"]
[Site "Yerevan"]
[Date "2001.10.20"]
[Round "9.3"]
[White "Baklan, Vladimir"]
[Black "Grischuk, Alexander"]
[Result "1/2-1/2"]
[WhiteElo "2590"]
[BlackElo "2666"]
[Annotator "Postny,E"]
[PlyCount "87"]
[EventDate "2001.10.12"]
[EventType "team-tourn"]
[EventRounds "9"]
[EventCountry "ARM"]
[SourceTitle "CBM 086"]
[Source "ChessBase"]
[SourceDate "2002.02.05"]
[SourceVersion "1"]
[SourceVersionDate "2002.02.05"]
[SourceQuality "1"]
[WhiteTeam "Ukraine"]
[BlackTeam "Russia"]
[WhiteTeamCountry "UKR"]
[BlackTeamCountry "RUS"]

1. e4 e5 2. Nf3 Nc6 3. d4 exd4 4. Nxd4 Bc5 5. Nb3 Bb4+ {A rare move.The main
line starts with 5...Bb6.} 6. c3 Be7 7. Bf4 {In my opinion this move is a
slight inaccuracy.It's hard to know in this stage of the game, which square is
the most suitable for this B.The most flexible continuation would be the
immideate 7.c4 or the development of the kingside by the moves 7.Bd3 or 7.g3.}
d6 8. c4 Nf6 9. Nc3 O-O 10. Be2 Nd7 $146 (10... Re8 11. O-O a5 12. Qd2 a4 13.
Nd4 Nd7 14. Ndb5 Na7 15. Na3 $6 (15. Nxa7 $11) 15... Nc5 16. Be3 Bf6 17. f3 Be5
18. Nd5 c6 19. Nf4 f5 $15 {0-1 Khamrakulov,I-Korneev,O Albacete 9/2001 (33)})
11. Nd5 b6 12. O-O Nc5 13. f3 ({Should not be recommended for white} 13. Nxc5 {
as after} bxc5 {[%csl Yd4] black gets the d4 square and the "b" file.}) (13.
Re1 $5 {/\} Nxe4 $6 14. Bf3 f5 15. Bxe4 fxe4 16. Rxe4 $14) 13... Bf6 14. Qd2 a5
{Black has a good play on black squares, which compensates white's space
advantage.} 15. Be3 a4 16. Nxf6+ (16. Nd4 Bxd4 17. Bxd4 Nxd4 18. Qxd4 Bb7 $11)
16... Qxf6 17. Nd4 Nxd4 18. Bxd4 Qg6 $11 19. Bd1 {[%cal Gd1c2]} f5 20. Bc2 (20.
e5 Rd8 $11) 20... Qf7 21. b3 (21. Qc3 {[%csl Gc3,Gd4,Rg7][%cal Ge4f5]} Ne6 22.
Be3 Nc5 $11) 21... axb3 22. axb3 Rxa1 23. Rxa1 fxe4 24. Bxc5 {Otherwise white
will remain with a weak pawn on e4.} bxc5 25. Bxe4 Bf5 26. Bd5 Be6 27. Bxe6
Qxe6 {After every exchange both sides getting closer to a draw agreement.} 28.
Re1 (28. Ra7 $6 Rb8 {[%csl Rb3,Rc4]}) 28... Qf6 29. Qd5+ Kh8 30. Kf1 h6 31. Qc6
Qc3 32. Qxc7 Qxb3 33. Qxd6 Qxc4+ 34. Kg1 Rc8 35. h3 Qd4+ $6 {Gives white
unnecessary chances.} (35... Qc3 $142) 36. Qxd4 cxd4 37. Re4 $6 ({After the
tougher} 37. Rd1 {black still has to work to achieve a draw.The game could
continue:} Rd8 38. Kf2 g5 39. Ke2 Kg7 40. Kd3 Kf6 41. Re1 $14 {[%csl Rd4]})
37... Rc1+ {Now the activity of the black's R compensates the long distanse of
black's K from the centre.The draw is inevitable.} 38. Kf2 Rc2+ 39. Kf1 d3 40.
Rd4 Rc1+ 41. Kf2 Rc2+ 42. Kf1 Rc1+ 43. Kf2 Rc2+ 44. Kf1 1/2-1/2

[Event "Olympiad-34"]
[Site "Istanbul"]
[Date "2000.11.09"]
[Round "12.2"]
[White "Handoko, Edhi"]
[Black "Aleksandrov, Aleksej"]
[Result "0-1"]
[WhiteElo "2435"]
[BlackElo "2591"]
[Annotator "Postny,E"]
[PlyCount "64"]
[EventDate "2000.10.28"]
[EventType "team-swiss"]
[EventRounds "14"]
[EventCountry "TUR"]
[SourceTitle "EXT 2001"]
[Source "ChessBase"]
[SourceDate "2000.11.22"]
[SourceVersion "1"]
[SourceVersionDate "2000.11.22"]
[SourceQuality "1"]
[WhiteTeam "Indonesia"]
[BlackTeam "Belarus"]
[WhiteTeamCountry "INA"]
[BlackTeamCountry "BLR"]

1. e4 e5 2. Nf3 Nc6 3. d4 exd4 4. Nxd4 Qf6 5. Be3 Bc5 6. c3 Nge7 7. Bc4 Ne5 8.
Be2 Qg6 9. O-O d6 (9... d5 10. Bh5 Qxe4 11. Nd2 Qd3 12. N4f3 Bd6 13. Nxe5 Bxe5
14. Bc5 g6 15. Be2 Qf5 16. Nf3 Bf6 17. Re1 $44 {1-0 Ehlvest,J-Beliavsky,A/
Reykjavik 1991/CBM 26 (43)}) ({dangerous is} 9... Qxe4 10. b4 (10. Nb5 Bxe3 $8
(10... Qc6 $2 11. Bxc5 Qxc5 12. Qd4 $18) 11. Nxc7+ Kd8 12. Nxa8 Bf4 $44 {
[%csl Ra8][%cal Gb7b6]}) 10... Bd6 (10... Bxd4 $5) 11. Nd2 Qg6 12. f4 Qh6 13.
Ne4 O-O 14. Nxd6 cxd6 15. Qd2 N5c6 16. f5 Qf6 17. Bg5 Qe5 18. f6 Ng6 19. Rf5
$18 {1-0 Thorhallsson,T-Yurtaev,L/Hartberg 1991/EXT 97 (29)}) 10. Bh5 {I am
doubt if this way white can fight for the advantage.White bishop on h5 looks
quite strange.} (10. Kh1 Qxe4 11. Nd2 Qg6 12. Nb5 O-O 13. Nxc7 Rb8 14. Nf3 Bxe3
15. fxe3 Ng4 $11 {1/2-1/2 Rublevsky,S-Aleksandrov,A/Elista 1998/CBM 66 ext (28)
}) (10. f4 Qxe4 11. Bf2 Bxd4 12. cxd4 N5g6 13. Nc3 $44 {1-0 Gelfand,
B-Beliavsky,A/Paris 1991/CBM 26 ext (48)}) 10... Qxe4 11. Nd2 Qh4 (11... Qd3
12. Be2 Qg6 13. Bh5 Qd3 14. Be2 Qg6 15. Bh5 Qd3 {1/2-1/2 Kotsur,P-Benjamin,J/
Luzern 1997/CBM 62 (15)}) 12. Nb5 {[%csl Rc7]} (12. Be2 Nd5 13. Nc4 O-O 14. Bc1
Nf4 15. Bxf4 Qxf4 16. Ne3 Be6 17. Qd2 Rfe8 18. Rad1 Qf6 19. Kh1 Nc6 20. Bb5 $17
{1/2-1/2 Murshed,N-Antonio,R/Cebu 1992/CBM 31 (20)}) 12... O-O 13. Nxc7 $146 (
13. Bxc5 dxc5 14. Re1 $2 Bg4 15. Bxg4 Nxg4 16. Rxe7 Qxf2+ 17. Kh1 Qh4 18. Kg1
Qxh2+ 19. Kf1 Qh1+ {0-1 Werner,B-Ibragimov,I/Reykjavik 1994/CBM 39 ext (19)})
13... Rb8 (13... Bxe3 $6 {is worse, because after} 14. fxe3 Rb8 (14... Bg4 $2
15. Bxg4 Nxg4 16. Nf3 Qh6 17. Nxa8 Nxe3 18. Qe2 $18 {[%csl Re7]}) 15. Rf4 Qg5
16. Ne4 Qh6 17. Nxd6 {white is a pawn up, as now loses immediatly:} Rd8 $2 18.
Nxf7 $1 Rxd1+ 19. Rxd1 $18 {[%csl Rg8,Rh6][%cal Gd1d8,Gf7h6]} Nxf7 20. Bxf7+ {
[%cal Rd1d8]}) 14. Bxc5 ({Badly} 14. Re1 $2 {in view of} Bxe3 15. fxe3 (15.
Rxe3 $2 Bg4 16. Bxg4 Nxg4 $19) 15... Nd3 16. Rf1 Nxb2 $17) 14... dxc5 15. Qe2
$6 ({Here much stronger was} 15. Re1 $1 {bringing the rook into the game;black
has to play precisely:} Bg4 $5 (15... Ng4 $2 16. Bxg4 Bxg4 17. Qa4 $16) (15...
Nd3 $6 16. g3 Qf6 17. Ne4 Qc6 18. Qxd3 Qxc7 19. Qe3 $16 {[%csl Rc5,Re7][%cal
Ge4f6]}) (15... N5c6 16. Ne4 Rd8 17. Qf3 {[%csl Rf7]} Ne5 18. Qg3 Qxg3 (18...
Qxh5 $2 19. Nf6+ $18) 19. hxg3 c4 $11) 16. f3 Qxh5 17. fxg4 Nxg4 (17... Qg5 18.
Ne4 Qf4 19. Qd6 Nc8 20. Qxc5 Nxg4 21. Ng3 $14) 18. h3 c4 {[%csl Rc7,Rg1][%cal
Gh5c5]} 19. b4 (19. Qxg4 Qc5+ 20. Kh1 Qxc7 21. Qxc4 $11) 19... Qh6 $1 {[%csl
Rc7,Rg1][%cal Gh6b6]} 20. Nxc4 Qf4 {[%csl Rc4,Rc7][%cal Gf4h2]} 21. Qxg4 Qxc7
$15) 15... N7c6 16. Ne4 $2 {Probably, decisive mistake.} (16. g3 $6 {doesn't
solve problem as well:} Qd8 17. Nb5 g6 $1 (17... Bf5 18. Ne4 $11) 18. f4 (18.
Bf3 $4 Qxd2 $1 19. Qxd2 Nxf3+ $19) 18... Nd3 19. Bf3 a6 20. Na3 Bh3 21. Rfb1
Re8 22. Ne4 b5 $15) (16. Nd5 $6 {also can not be recommended, as after:} Rd8
17. Bf3 Bg4 18. Bxg4 Qxg4 19. Qxg4 Nxg4 20. c4 Nb4 {[%csl Rd2,Gd8] black is
winning a pawn.}) ({but simple} 16. Rfd1 {was good, keeping normal position.})
16... Bf5 {[%csl Rd3,Rh5]} 17. Bf3 $6 {Unattractive move, however it's not
easy to give good advise already.} (17. f4 Bxe4 18. fxe5 (18. Qxe4 Qxh5 19.
fxe5 Qxe5 $17) 18... Nxe5 19. Rae1 (19. g3 Qe7 20. Qxe4 Qxc7 $17) 19... f5 20.
Ne6 {[%cal Ge6f8,Ge6c5]} Rfc8 $17) (17. Nxc5 $2 Qe7 $19 {[%csl Rc5,Rc7]}) 17...
Nxf3+ 18. gxf3 Bh3 19. Rfe1 f5 $1 {[%csl Rg1] After only 19 moves white's
position is lost.} 20. Ng3 f4 21. Ne6 (21. Ne4 {was more stubborn but does not
save as well} Qh5 $1 {[%csl Rg1][%cal Gh5g6]} 22. Kh1 Ne5 {[%csl Rf3]} 23. Nd2
Rbd8 $1 {[%cal Gd8d2]} 24. Qxe5 Qxe5 25. Rxe5 Rxd2 $19 {[%csl Rh1][%cal Gd2b2,
Gd2f2] and black has decisive advantage.}) 21... Rf7 {-+} 22. Qc4 {[%cal Gc4h4]
} Qf6 23. Qd5 {[%cal Ge6g5]} h6 {[%cal Gh6g5]} 24. Nxc5 fxg3 25. hxg3 Qxf3 26.
Qxf3 Rxf3 {It is time to resign.} 27. Re2 b6 28. Ne6 Re8 29. Rae1 Rd3 30. Nf4
Rxe2 31. Rxe2 Rd1+ 32. Kh2 Bg4 0-1

[Event "Olympiad-34"]
[Site "Istanbul"]
[Date "2000.10.29"]
[Round "2.2"]
[White "Pavasovic, Dusko"]
[Black "Wong, Meng Kong"]
[Result "1-0"]
[WhiteElo "2523"]
[BlackElo "2507"]
[Annotator "Postny,E"]
[PlyCount "99"]
[EventDate "2000.10.28"]
[EventType "team-swiss"]
[EventRounds "14"]
[EventCountry "TUR"]
[SourceTitle "EXT 2001"]
[Source "ChessBase"]
[SourceDate "2000.11.22"]
[SourceVersion "1"]
[SourceVersionDate "2000.11.22"]
[SourceQuality "1"]
[WhiteTeam "Slovenia"]
[BlackTeam "Singapore"]
[WhiteTeamCountry "SLO"]
[BlackTeamCountry "SIN"]

1. e4 e5 2. Nf3 Nc6 3. d4 exd4 4. Nxd4 Bc5 5. Nxc6 Qf6 6. Qd2 dxc6 7. Nc3 Bd7 {
Rare move. More popular is:} (7... Be6 8. Na4 Rd8 9. Bd3 Bd4 10. O-O a6 (10...
Ne7 {1/2-1/2 Kasparov,G-Short,N/London 1993/CBM 36 (50)}) 11. Nc3 {1/2-1/2
Kasparov,G-Short,N/London 1993/CBM 36 (41)}) (7... Ne7 8. Qf4 Qd6 (8... Be6 {
1/2-1/2 Anand,V-Shirov,A/Linares 1997/CBM 57 (25)}) 9. Be2 {1/2-1/2 Kasparov,
G-Anand,V/Frankfurt 1999/CBM 72 (28)}) 8. Bd3 (8. Na4 $5 Bd6 9. Qe3 Ne7 10. Nc5
Bc8 11. Nd3 {1-0 Szuk,B-Jamrich,G/Budapest 1998/EXT 99 (43)}) 8... O-O-O 9. Na4
Bd4 $6 $146 {This move is typical for this variation, but usually this idea
appears when white square bishop stands on e6 and "d" file is open for black
rook.It helps black when white try to attack dark square bishop by c2-c3.} (
9... Be7 $142 10. Qa5 $6 (10. O-O $142) 10... Kb8 11. Be3 b6 12. Qc3 c5 13. Qb3
Qc6 14. Nc3 Be6 15. Bc4 Bxc4 16. Qxc4 f5 17. O-O Nh6 18. Bxh6 Qxh6 19. exf5 g6
20. Ne2 gxf5 21. Rad1 Bd6 22. Ng3 Qg6 $15 {0-1 Hamelink,D-Rapcsak,A/Tallinn
1997/EXT 98 (28)}) 10. O-O {[%cal Gc2c3]} ({Immediate} 10. c3 $6 {leads to
complicated position after} Be5 11. f4 Bd6 12. Qf2 (12. e5 $6 Bxe5 13. fxe5
Qh4+ 14. Qf2 Qxa4 15. Qxf7 Qh4+ 16. g3 Qe7 $11) 12... b6 13. O-O Qg6) 10... c5
{[%csl Ra4]} ({No good is} 10... Qg6 {because of} 11. c3 Bh3 (11... Bf6 $2 12.
e5 Bf5 13. Bxf5+ Qxf5 14. exf6 Rxd2 15. fxg7 $18) (11... Be5 {[%cal Gd7h3]} 12.
Qe3 $16 {[%csl Re5][%cal Gf2f4]}) 12. Qg5 {[%csl Rd4,Rh3]} Bf6 {[%csl Rd3]} 13.
Qxg6 hxg6 14. Bc4 {[%csl Rf7]} Be6 15. Bxe6+ fxe6 16. Nc5 $16) 11. Qa5 Qc6 {
[%csl Ra4]} 12. Bf4 {[%csl Rc7]} c4 {Black has to be careful.Losing by force:}
(12... Kb8 $2 {[%tqu "En","Find winning move for white.","","","d3b5","",8]}
13. Bb5 $1 b6 $8 (13... Qxb5 14. Qxc7+ $18) 14. Bxc6 bxa5 15. Bxd7 Rxd7 16. c3
$18) 13. Be2 Kb8 (13... g5 $2 {The attempt to distract white pieces from pawn
c7 does not work. White can take it with pleasure:} 14. Bxg5 $1 Qxa4 15. Qxa4
Bxa4 16. Bxd8 Bxb2 (16... Kxd8 17. Rad1 {[%cal Gd1d8]} c5 18. c3 Bxd1 19. Rxd1
$18) 17. Rad1 Bxc2 18. Rd2 Bxe4 19. Rxb2 Kxd8 20. Bxc4 $18) ({Bad also} 13...
b5 $2 14. Rad1 Be6 15. Nc3 a6 16. Rxd4 Rxd4 17. Be5 {[%cal Re5d4,Re5g7]} Rd8
18. Bxg7 Ne7 19. Bxh8 Rxh8 20. a4 $18) 14. Rad1 b6 ({Badly} 14... Bf6 {in view
of} 15. Nc5 b6 16. Nxd7+ Rxd7 17. Qb4 {[%csl Rc4][%cal Gb4f8]}) 15. Qd5 Qxd5
16. exd5 Bf6 (16... Bxf2+ 17. Rxf2 Bxa4 18. d6 $16) 17. Nc3 Bxc3 ({Active} 
17... g5 {doesn't improve black's position as well:} 18. Bg3 h5 19. d6 c6 20.
h3 b5 21. a4 $16) 18. bxc3 Bb5 19. Bh5 $6 ({More energetically} 19. d6 $1 c5 (
19... cxd6 20. Rxd6 Rxd6 21. Bxd6+ Kc8 22. Bf8 Nf6 23. Bxg7 Re8 24. Re1 $16)
20. Bh5 $1 f6 (20... g6 $8 21. Bf3 Kc8 22. Rfe1 $16 {[%cal Gf3d5]}) 21. d7+ Kb7
22. Bf3+ Ka6 (22... Bc6 23. Bxc6+ Kxc6 24. Rfe1 $18) 23. a4 $1 Bxa4 24. Ra1 b5
25. Rfd1 $18 {[%csl Ra6][%cal Gd1d6,Gf4c7]}) 19... Kb7 $6 {After this moment
it's very hard to save black's position.} ({It is hard to give good advise,
the threat d5-d6 is very annoying, nevertheless} 19... Nf6 {finally completing
the developement, may be the best try.} 20. d6 $1 (20. Bxf7 $6 Rhf8 21. d6 (21.
Be6 Nxd5 $11) 21... Kb7 22. Be6 cxd6 23. Rxd6 Rxd6 24. Bxd6 Re8 $44) 20... Ne8
21. dxc7+ Nxc7 22. Bxf7 Rxd1 23. Rxd1 Rf8 24. Bxc7+ Kxc7 25. Bd5 $16) 20. d6 $1
cxd6 21. Bxf7 Nh6 (21... Kc7 $6 22. Rxd6 Rxd6 23. Rd1 {with winning position})
22. Bxh6 gxh6 23. Rfe1 {[%csl Rc4,Rd6,Rh6,Rh7][%cal Ge1e7]} Rhf8 (23... Rd7 $2
24. Be8 $18 {[%cal Re8b5]}) 24. Re7+ Rd7 25. Rxd7+ Bxd7 26. Bxc4 {White won a
pawn.The rest is technic.} Kc6 27. Bd5+ Kc5 28. Be4 Be6 29. Bxh7 ({I would
prefer} 29. a3) 29... Bxa2 30. Ra1 Re8 {[%csl Ge8]} 31. f4 Re7 32. Bd3 Bf7 $6 (
{More stubborn resistance after} 32... Bd5 33. Kf2 h5) 33. g4 a5 34. Kf2 d5 35.
h4 d4 36. f5 dxc3 37. g5 {White pawns are unstoppable.} hxg5 38. hxg5 {[%csl
Gc2,Gd3]} Ra7 39. g6 Bg8 40. f6 a4 41. Ke3 b5 42. Rf1 Ra8 43. f7 Bxf7 44. gxf7
Rf8 45. Rf5+ Kb4 46. Kd4 a3 47. Rxb5+ Ka4 48. Rb7 a2 49. Ra7+ Kb4 50. Bc4 1-0

[Event "CHN-RUS Summit Men 1st"]
[Site "Shanghai"]
[Date "2001.09.08"]
[Round "2"]
[White "Rublevsky, Sergei"]
[Black "Peng, Xiaomin"]
[Result "0-1"]
[WhiteElo "2639"]
[BlackElo "2629"]
[Annotator "Postny,E"]
[PlyCount "80"]
[EventDate "2001.09.07"]
[EventType "schev"]
[EventRounds "6"]
[EventCountry "CHN"]
[SourceTitle "CBM 085"]
[Source "ChessBase"]
[SourceDate "2001.11.13"]
[SourceVersion "1"]
[SourceVersionDate "2001.11.13"]
[SourceQuality "1"]

1. e4 e5 2. Nf3 Nc6 3. d4 exd4 4. Nxd4 Bc5 5. Nxc6 Qf6 6. Qd2 dxc6 7. Nc3 Bd4 {
Tkachiev's speciality. Other theoretical continuations are:7...Be6 and 7...Ne7.
} 8. Bd3 ({The alternative way is:} 8. Bc4 {-see the game Kasimdzhanov,
R-Tkachiev,V/Fide-Wch 2000/CBM 81[Postny]}) 8... Ne7 9. O-O Ng6 10. Kh1 {
[%cal Gf2f4]} Ne5 11. Be2 Ng4 12. Nd1 O-O 13. h3 (13. Qf4 Qg6 14. Bxg4 Qxg4 15.
f3 Qxf4 16. Bxf4 f5 $11 {Rublevsky,S-Tkachiev,V/blitz 2000}) 13... Rd8 14. Bxg4
$1 $146 {[%mdl 8]} (14. hxg4 $2 Qh4+ 15. Kg1 Be5 $17 {see the game
Morozevich-Tkachiev /World Cup Rapid 2001/CBM 82[Postny]}) (14. Qg5 $11) 14...
Bxg4 15. hxg4 Qh4+ 16. Kg1 Bxb2 17. Qxd8+ ({I think, that it will be better to
play} 17. Nxb2 Rxd2 18. Bxd2 Qxg4 19. f3 Qh5 20. Nd3 $14 {[%csl Gd3]}) 17...
Rxd8 18. Bxb2 Qxg4 {[%mdl 1024] It's hard to evaluate this irrational position.
If white will manage to activate his pieces, the initiative will be on his
side, but right now black's position looks to be O.K.} 19. Re1 h5 (19... Rd2 $2
20. Bc3) 20. Be5 {[%csl Rc7] Attacking the only weak point in black's position.
} (20. f3 $6 Qg5 $15) 20... Re8 21. f4 (21. Bxc7 $6 {is wrong, as the Pe4 is
more important, than the Pc7.} Rxe4 22. Ne3 Qg6 $15 {[%csl Ra2,Rc2][%cal Ye4a4]
}) 21... f6 22. Nf2 Qe6 $1 {[%csl Rc2]} 23. Bxc7 (23. Bc3 $6 Qc4 24. Re3 b5 $15
) 23... Qe7 24. Ba5 Qc5 25. Bd2 Qxc2 {Black's plan is obvious now-to push
forward his queenside pawns.White has to create a counterplay on the center
and the kingside.} 26. Be3 Qa4 $6 (26... b6 $142 27. Rac1 Qa4 28. Red1 c5 {
[%csl Yd7] covering the important d7 square.}) 27. Bc5 $2 ({Much better was} 
27. Red1 {[%cal Gd1d7] and if black continues his plan, he may found himself
under dangerous attack.For example:} b6 28. Rd7 c5 29. Rad1 Qxa2 30. Rc7 {
[%csl Rg7][%cal Gd1d7]}) 27... b6 28. Bd6 c5 29. Re2 c4 30. Rc1 Qc6 31. e5 {
The B on d6 stands very well, but white's RR are passive.} b5 (31... f5 $142 {
[%csl Yf2] closing the center and restricting the N.} 32. Re3 b5 33. Rh3 g6 34.
Rg3 Kf7 $15) 32. Ne4 a5 $2 {Ignoring white's ideas completely.} ({Necessary was
} 32... f5 33. Ng5 b4 $15) 33. f5 $1 fxe5 (33... Qd5 34. Rce1 {[%cal Ge5f6]}
Qd4+ (34... fxe5 35. Rd2 Qf7 36. Rf2 $16 {[%cal Gf5f6]}) 35. Kh2 fxe5 36. Rd2
Qa7 37. Rd5 $16) 34. f6 $4 {This hasty move cost white a game.} ({The right
way was:} 34. Rf1 {intending to play f5-f6 on the next move.} Kh8 (34... Rd8
35. Be7 {then f5-f6 with dangerous attack.}) 35. f6 gxf6 36. Rxf6 $1 (36. Nxf6
Qxd6 37. Nxe8 Qd4+ $11) 36... Qd5 37. Kh2 Qd3 38. Re1 Kg7 39. Rf5 $40 {[%csl
Rg7]}) 34... Re6 $19 {[%csl Rd6,Rf6]} 35. Rf1 {Too late.} (35. f7+ {doesn't
save as well:} Kxf7 36. Ng5+ Kg6 37. Nxe6 Qxd6 $19 {[%csl Re6]}) 35... Rxd6 36.
Nxd6 Qxd6 37. f7+ Kf8 38. Rf5 {[%cal Ge2e5]} g6 {Black has just too many pawns!
} 39. Rfxe5 c3 40. Re6 c2 $1 (40... c2 41. Rxd6 c1=Q+ 42. Kh2 Qf4+ $19 {
[%csl Rd6]}) 0-1